Painting abstraction : (Record no. 5820)

MARC details
000 -LEADER
fixed length control field 02877cam a22004454a 4500
001 - CONTROL NUMBER
control field 16377719
003 - CONTROL NUMBER IDENTIFIER
control field OSt
005 - DATE AND TIME OF LATEST TRANSACTION
control field 20260429160114.0
008 - FIXED-LENGTH DATA ELEMENTS--GENERAL INFORMATION
fixed length control field 100805s2009 enka b 001 0 eng
010 ## - LIBRARY OF CONGRESS CONTROL NUMBER
LC control number 2010481838
015 ## - NATIONAL BIBLIOGRAPHY NUMBER
National bibliography number GBA956536
Source bnb
015 ## - NATIONAL BIBLIOGRAPHY NUMBER
National bibliography number 015-28625
Source bnb
015 ## - NATIONAL BIBLIOGRAPHY NUMBER
National bibliography number GBA-95653
Source bnb
016 7# - NATIONAL BIBLIOGRAPHIC AGENCY CONTROL NUMBER
Record control number 015286255
Source Uk
020 ## - INTERNATIONAL STANDARD BOOK NUMBER
International Standard Book Number 9780714849331
Qualifying information hbk.
035 ## - SYSTEM CONTROL NUMBER
System control number 16377719
035 ## - SYSTEM CONTROL NUMBER
System control number (OCoLC)390669726
040 ## - CATALOGING SOURCE
Original cataloging agency UKM
Transcribing agency Foundation University
042 ## - AUTHENTICATION CODE
Authentication code ukblcatcopy
-- lccopycat
050 00 - LIBRARY OF CONGRESS CALL NUMBER
Classification number ND 196.A2
Item number N53 2009
100 1# - MAIN ENTRY--PERSONAL NAME
Personal name Nickas, Robert.
9 (RLIN) 15717
245 10 - TITLE STATEMENT
Title Painting abstraction :
Remainder of title new elements in abstract painting /
Statement of responsibility, etc. Bob Nickas.
260 ## - PUBLICATION, DISTRIBUTION, ETC.
Place of publication, distribution, etc. London :
Name of publisher, distributor, etc. Phaidon,
Date of publication, distribution, etc. c2009.
264 ## - PRODUCTION, PUBLICATION, DISTRIBUTION, MANUFACTURE, AND COPYRIGHT NOTICE
Copyright Date 2009
300 ## - PHYSICAL DESCRIPTION
Extent 343 p. :
Other physical details ill. (some col.) ;
Dimensions 29 cm.
Materials specified books
Type of unit books
336 ## - CONTENT TYPE
Content type term text
Content type code txt
Source rdacontent
Materials specified books
337 ## - MEDIA TYPE
Media type term unmediated
Media type code n
Source rdamedia
Materials specified books
338 ## - CARRIER TYPE
Carrier type term volume
Carrier type code nc
Source rdacarrier
Materials specified books
504 ## - BIBLIOGRAPHY, ETC. NOTE
Bibliography, etc. note Includes bibliographical references and index.
505 00 - FORMATTED CONTENTS NOTE
Title Hybrid pictures
Statement of responsibility Kristin Baker, Lisa Beck, Alex Brown, Jules de Balincourt, Tomory Dodge, Jacob Feige, Chris Finley, Wayne Gonzales, Alex Hay, Carrie Moyer, Elizabeth Neel, David Ratcliff, Wilhelm Sasnal, Chris Vasell --
Title Rhythm and opticality
Statement of responsibility Karin Davie, Philippe Decrauzat, Xylor Jane, Alex Kwartler, David Malek, Anja Schwörer, James Siena, Esther Stocker, Philip Taaffe, John Tremblay, Dan Walsh, Chuck Webster --
Title Color and structure
Statement of responsibility Joanne Greenbaum, Mark Grotjahn, Mary Heilmann, Daniel Hesidence, Allison Miller, Odili Donald Odita, Ann Pibal, Bernd Ribbeck, Ruth Root, Alan Uglow, Stanley Whitney, Jens Wolf --
Title Found/eccentric abstraction
Statement of responsibility Richard Aldrich, John M. Armleder, Monika Baer, Francis Baudevin, Agnieszka Brzezanska, Mike Cloud, Daan van Golden, Chris Johanson, Tony Just, Marta Marcé, Monique Prieto, Alexander Ross, Sterling Ruby, Amy Sillman --
Title Form, space, and scale
Statement of responsibility Tommy Abts, Varda Caivano, Kim Fisher, Katharina Grosse, Mamie Holst, Bill Komoski, Chris Martin, Julie Mehretu, Katy Moran, Olivier Mosset, Steven Parrino, Peter Peri, Thomas Scheibitz, Clare Woods --
Title The act of painting
Statement of responsibility Bernard Frize, Wade Guyton, Charline von Heyl, Jacqueline Humphries, Nathan Hylden, Jutta Koether, Michael Krebber, R. H. Quaytman, Anselm Reyle, Josh Smith, Rudolf Stingel, Kelley Walker, Christopher Wool, Heimo Zobernig.
648 #7 - SUBJECT ADDED ENTRY--CHRONOLOGICAL TERM
Chronological term Geschichte 2004-2008
Source of heading or term swd
9 (RLIN) 15718
650 #0 - SUBJECT ADDED ENTRY--TOPICAL TERM
Topical term or geographic name entry element Painting, Abstract.
9 (RLIN) 15719
650 17 - SUBJECT ADDED ENTRY--TOPICAL TERM
Topical term or geographic name entry element Schilderijen.
Source of heading or term gtt
9 (RLIN) 15720
650 17 - SUBJECT ADDED ENTRY--TOPICAL TERM
Topical term or geographic name entry element Abstracte schilderkunst
Source of heading or term gtt
9 (RLIN) 15721
650 07 - SUBJECT ADDED ENTRY--TOPICAL TERM
Topical term or geographic name entry element Abstrakte Malerei
Source of heading or term swd
9 (RLIN) 15722
906 ## - LOCAL DATA ELEMENT F, LDF (RLIN)
a 7
b cbc
c copycat
d 2
e ncip
f 20
g y-gencatlg
942 ## - ADDED ENTRY ELEMENTS (KOHA)
Source of classification or shelving scheme Library of Congress Classification
Koha item type Books
Classification part ND 196.A2 .
Item part 2009 N53
Call number prefix (DAFA-FA)
Holdings
Withdrawn status Lost status Source of classification or shelving scheme Damaged status Not for loan Collection code Home library Current library Shelving location Date acquired Source of acquisition Total Checkouts Full call number Barcode Date last seen Price effective from Koha item type Accession Number
    Library of Congress Classification     Non-fiction Foundation University Library Foundation University Library DoArchitecture & Fine Arts 04/29/2026 Donations   (DAFA-FA) ND 196.A2 .2009 N53 0192026003277 04/29/2026 04/29/2026 Books DAFA-2026277